<?xml version="1.0" encoding="UTF-8"?><?xml-stylesheet type="text/xsl" href="static/style.xsl"?><OAI-PMH xmlns="http://www.openarchives.org/OAI/2.0/" xmlns:xsi="http://www.w3.org/2001/XMLSchema-instance" xsi:schemaLocation="http://www.openarchives.org/OAI/2.0/ http://www.openarchives.org/OAI/2.0/OAI-PMH.xsd"><responseDate>2026-06-29T02:42:50Z</responseDate><request verb="GetRecord" identifier="oai:docta.ucm.es:20.500.14352/129430" metadataPrefix="marc">https://docta.ucm.es/rest/oai/request</request><GetRecord><record><header><identifier>oai:docta.ucm.es:20.500.14352/129430</identifier><datestamp>2025-12-20T00:47:38Z</datestamp><setSpec>com_20.500.14352_14</setSpec><setSpec>col_20.500.14352_15</setSpec></header><metadata><record xmlns="http://www.loc.gov/MARC21/slim" xmlns:dcterms="http://purl.org/dc/terms/" xmlns:xsi="http://www.w3.org/2001/XMLSchema-instance" xmlns:doc="http://www.lyncode.com/xoai" xsi:schemaLocation="http://www.loc.gov/MARC21/slim http://www.loc.gov/standards/marcxml/schema/MARC21slim.xsd">
   <leader>00925njm 22002777a 4500</leader>
   <datafield ind2=" " ind1=" " tag="042">
      <subfield code="a">dc</subfield>
   </datafield>
   <datafield ind2=" " ind1=" " tag="720">
      <subfield code="a">Vaquero Martínez, Sergio</subfield>
      <subfield code="e">author</subfield>
   </datafield>
   <datafield ind2=" " ind1=" " tag="260">
      <subfield code="c">2024-02-07</subfield>
   </datafield>
   <datafield ind2=" " ind1=" " tag="520">
      <subfield code="a">The state has occupied a privileged space in most of the explanations regarding the origins of the political violence that disrupted the course of the Spanish Second Republic. Nevertheless, the generalised notion that the majority of deaths were the outcome of the repression of popular mobilisation contrasts with the practical inexistence of studies devoted to the specific interactions between coercive forces and collective challengers. With the purpose of partially filling this gap, the following article analyses the policing of protest in the province of Madrid from 14 April 1931 to 17 July 1936. The research relies on a database of approximately 450 recorded events that has been constructed from a corpus of archival documentation from the Ministry of the Interior, contemporary newspapers and specialised monographs. This article argues that the mistakes, dysfunctions and collateral effects of the policing of social protests derived from the restoration of a lethal, military repertoire of coercion and, more indirectly, the invention of a civil, non-lethal style. The incoherent alternation of both repertoires followed politically motivated criteria and fostered an escalation of violence that increased the number of victims and obstructed the democratisation of the security apparatus.</subfield>
   </datafield>
   <datafield ind2=" " ind1=" " tag="520">
      <subfield code="a">El Estado ha ocupado un lugar privilegiado en la mayoría de explicaciones sobre los orígenes de la violencia política que perturbó el curso de la Segunda República. Sin embargo, la noción generalizada de que el grueso de las muertes fue resultado de la represión de la movilización popular contrasta con la práctica inexisten-cia de estudios dedicados a las interacciones específicas entre las fuerzas coercitivasy los desafiantes colectivos. Este artículo analiza precisamente el control policial de la protesta en la provincia de Madrid desde el 14 de abril de 1931 hasta el 17 de julio de 1936. La investigación se sustenta en una base de datos con aproximadamente 450 episodios registrados, que ha sido elaborada a partir de un corpus de fuentes conformado por documentación archivística del Ministerio de la Gobernación, prensa histórica y monografías especializadas. Se argumenta que los errores, desajustes y efectos colaterales del control policial se debieron al restablecimiento de un repertorio militar y letal de coerción y, más indirectamente, a la invención de un estilo civil e incruento. La incoherente alternancia entre ambos repertorios obedeció a criterios políticos y promovió una escalada violenta que disparó el número de víctimas y obstruyó la democratización del aparato securitario.</subfield>
   </datafield>
   <datafield ind1="8" ind2=" " tag="024">
      <subfield code="a">Vaquero  Martínez,  Sergio  (2024)  “Ruling  the  Streets:  The  Policing  of  Protest  and  Political  Violence  in  Madrid  during  the  Second  Republic,  1931-1936.”  Culture  &amp;  History  Digital  Journal,  13 (2):  518.  doi:  https://doi.org/10.3989/chdj.2024.518</subfield>
   </datafield>
   <datafield ind1="8" ind2=" " tag="024">
      <subfield code="a">10.3989/chdj.2024.518</subfield>
   </datafield>
   <datafield ind1="8" ind2=" " tag="024">
      <subfield code="a">https://hdl.handle.net/20.500.14352/129430</subfield>
   </datafield>
   <datafield ind1="8" ind2=" " tag="024">
      <subfield code="a">2253-797X</subfield>
   </datafield>
   <datafield ind1="8" ind2=" " tag="024">
      <subfield code="a">https://doi.org/10.3989/chdj.2024.518</subfield>
   </datafield>
   <datafield ind1="8" ind2=" " tag="024">
      <subfield code="a">https://cultureandhistory.revistas.csic.es/index.php/cultureandhistory/article/view/518</subfield>
   </datafield>
   <datafield ind1="8" ind2=" " tag="024">
      <subfield code="a">https://dialnet.unirioja.es/servlet/articulo?codigo=10047245</subfield>
   </datafield>
   <datafield ind2="0" ind1="0" tag="245">
      <subfield code="a">Ruling the streets: the policing of protest and political violence in Madrid during the Second Republic, 1931-1936</subfield>
   </datafield>
   <datafield ind2="0" ind1="0" tag="245">
      <subfield code="a">Gobernar las calles: control policial de la protesta y violencia política en Madrid durante la Segunda República, 1931-1936</subfield>
   </datafield>
</record></metadata></record></GetRecord></OAI-PMH>